Loading...
| Science - Chemistry | 0 | 7 | 1 | 3 | 65 | 38 | 72.00 | 0 | 3 | 16.56 | 28.31 |
| History - World | 0 | 5 | 0 | 1 | 50 | 43 | 69.80 | 0 | 1 | 14.30 | 24.31 |
| History - European | 0 | 5 | 0 | 0 | 50 | 28 | 41.40 | 0 | 3 | 25.32 | 26.07 |
| Current Events | 0 | 4 | 0 | 1 | 40 | 32 | 71.75 | 0 | 0 | 26.77 | 55.51 |
| Science - Other | 0 | 4 | 0 | 0 | 40 | 49 | 62.50 | 0 | 2 | 14.84 | 22.22 |
| History - Other | 0 | 4 | 0 | 0 | 40 | 54 | 78.75 | 0 | 1 | 9.49 | 15.06 |
| Social Science | 0 | 4 | 1 | 0 | 35 | 46 | 76.50 | 0 | 1 | 12.06 | 25.93 |
| Science - Biology | 0 | 3 | 0 | 1 | 30 | 77 | 91.33 | 0 | 0 | 2.50 | 10.68 |
| Science - Physics | 0 | 3 | 1 | 0 | 25 | 32 | 56.33 | 0 | 2 | 11.58 | 16.77 |
| Geography | 0 | 2 | 0 | 0 | 20 | 64 | 69.50 | 0 | 1 | 13.31 | 18.06 |
| Religion | 0 | 2 | 1 | 1 | 15 | 78 | 99.50 | 0 | 0 | 2.63 | 5.18 |
| Fine Arts - Classical Music | 0 | 1 | 0 | 0 | 10 | 126 | 126.00 | 0 | 0 | 0.13 | 2.56 |
| Popular Culture | 0 | 1 | 0 | 0 | 10 | 71 | 71.00 | 0 | 0 | 5.06 | 8.33 |
| History - American | 0 | 1 | 0 | 1 | 10 | 125 | 125.00 | 0 | 0 | 0.00 | 0.69 |
| Literature - World | 0 | 1 | 0 | 1 | 10 | 111 | 111.00 | 0 | 0 | 0.00 | 0.69 |